Normal view
MARC view
Entry Topical Term
001 - CONTROL NUMBER
- control field: 6459
003 - CONTROL NUMBER IDENTIFIER
- control field: HDC
005 - DATE AND TIME OF LATEST TRANSACTION
- control field: 20230624073231.0
008 - FIXED-LENGTH DATA ELEMENTS
- fixed length control field: 210123|| aca||aabn | a|a d
040 ## - CATALOGING SOURCE
- Original cataloging agency: HDC
- Transcribing agency: HDC
150 ## - HEADING--TOPICAL TERM
- Topical term or geographic name entry element: Pharmaceutical Preparations
- General subdivision: Radiation effects
670 ## - SOURCE DATA FOUND
- Source citation: Work cat.: (HDC): Gonzenbach, Hans U. author 6458, Photostability of Cosmetic Sunscreens , 2007
